00334nam a2200109Ia 4500008004100000020001500041041000800056082001400064245009400078260004400172300000800216240521s2007 xx 000 0 und d a1883413818 aeng a629.13442 a2000 ASHRAE HANDBOOK HETING ,VENTILATION,AND AIR CONDITIONING SYSTEMS AND EQUIPMNENT S ED bAMERICAN SOCIETY FOR MICROBIOLOGYc2007 a328